U.S. State by Governors - Statistics

General Stats
  • This quiz has been taken 50 times
  • The average score is 12 of 14
Answer Stats
the governors Answer % Correct
John Jay, Nelson Rockefeller, Mario Cuomo New York
100%
John Hancock, Elbridge Gerry, Bill Weld Massachusetts
93%
Rutherford B. Hayes, William McKinley, Ted Strickland Ohio
93%
Sam Houston, Alfred Lubbock, John Connally Texas
93%
Leland Stanford, Earl Warren, Pat Brown California
87%
William Scranton, Dick Thornburgh, Ed Rendell Pennsylvania
87%
Sam Houston, Andrew Johnson, Lamar Alexander Tennessee
87%
Robert M. Lafolette Sr, Gaylord Nelson, Tommy Thompson Wisconsin
87%
Orval Faubus, Winthrop Rockefeller, Dale Bumpers Arkansas
80%
Richard Russell, Eugene Talmadge, Lester Maddox Georgia
80%
Patrick Henry, Harry F. Byrd, Douglas Wilder Virginia
80%
Henry S, Thibodaux, Earl Long, Buddy Roemer Louisiana
73%
Alf Landon, Joan Finney, Kathleen Sibelius Kansas
67%
John S, Pilsbury, Adolph O. Eberhart, Hjalmar Petersen Minnesota
60%
No matching quizzes found
Score Distribution
Percent of People with Each Score
Percentile by Number Answered
Your Score History
You have not taken this quiz